000 00292nam a22001337a 4500
008 180104b xxu||||| |||| 00| 0 eng d
020 _a014005639004
041 _aeng
080 _a574
100 _a9
101 _aMJE
245 _aSTEP SUCCESSFUL GARDENING
_cBEETE.H
942 _2udc
_cBK
999 _c39782
_d39782